000 00610nam a2200229Ia 4500
003 OSt
005 20221005124633.0
006 a|||||r|||| 00| 0
007 ta
008 221004b |||||||| |||| 00| 0 urd d
024 _a10992
037 _cTextual
040 _aCRL
_cCRL
_burd
041 _2urd
_aurd
082 _aO168,1L71:g, L4
100 _aNonahravi Syed Shabihul Hasan
_9635566
245 0 _aNasikh
_b Taziya-wa- taqreer
260 _c1974
650 _aURDU POETRY
942 _hO168,1L71:g, L4
_cTEXL
_2cc
999 _c1051105
_d1051105